Musique - Les plus grandes pop stars du 21e siècle selon Billboard - Statistiques

Statistiques générales
  • Ce quiz a été pris 1 420 fois
  • Le résultat moyen est 19 sur 25
Statistiques - réponses
Numéro Indice chansons Artiste % Correct
#3 Diamonds, Umbrella Rihanna
99%
#5 Bad Romance, Born This Way Lady Gaga
97%
#10 Rolling in the Deep, Skyfall Adele
96%
#17 Waka Waka, Chantaje Shakira
96%
#1 Single Ladies, Run the World Beyoncé
95%
#2 Shake It Off, Anti-Hero Taylor Swift
95%
#6 Toxic, Oops!... I Did It Again Britney Spears
92%
#25 Firework, I Kissed a Girl Katy Perry
92%
#9 One Last Time, thank u next Ariana Grande
89%
#8 Baby, Sorry Justin Bieber
89%
#12 The Real Slim Shady, Lose Yourself Eminem
84%
#15 Wrecking Ball, Flowers Miley Cyrus
84%
#18 Starboy, Blinding Lights The Weeknd
83%
#20 The Lazy Song, Locked Out of Heaven Bruno Mars
80%
#24 Photograph, Perfect Ed Sheeran
78%
#19 Dynamite, Butter BTS
72%
#14 SexyBack, CAN'T STOP THE FEELING! Justin Timberlake
72%
#13 Starships,Superbass Nicki Minaj
71%
#4 Hotline Bling, One Dance Drake
70%
#22 What Makes You Beautiful, Story of My Life One Direction
67%
#23 Tití Me Preguntó, Mayores Bad Bunny
53%
#11 YEAH!, DJ Got Us Fallin' In Love Usher
48%
#7 Stronger, CARNIVAL Kanye West
44%
#16 Young Forever, Renegade Jay-Z
17%
#21 Annihilate, Lollipop Lil Wayne
15%
Aucun quiz correspondant
Distribution des résultats
% des personnes avec chaque résultat
Percentile par nombre de réponses
Votre historique - résultats
Vous n’avez pas pris ce quiz